| 000 | 00991nam a22003017a 4500 | ||
|---|---|---|---|
| 001 | 9979 | ||
| 003 | FISKH | ||
| 005 | 20260424132612.0 | ||
| 008 | 260323b cb ||||| |||| 00| 0 eng d | ||
| 020 | _a9780462001289 | ||
| 040 |
_aFISKH _beng _cFISKH _dFISKH |
||
| 050 | _aPZ7 | ||
| 082 | _a813 | ||
| 100 |
_aWard, Nicole _eAuthor |
||
| 245 |
_aThe biggest fish ever / _cWritten by Nicole Ward ; illustrated by Madeline Beasley |
||
| 260 |
_aSingapore : _bMarshall Cavendish International , _c2008 |
||
| 300 |
_a16 pages : _bcolor illustrations ; _c19 cm |
||
| 490 |
_aMy pals are here! : _v16b |
||
| 505 | _aG | ||
| 520 | _aA simple and engaging story about a fish adventure, designed for beginning readers, with easy vocabulary and fun illustrations. | ||
| 521 | 8 |
_a350
_bLexile estimate |
|
| 521 | 8 |
_aG
_bRaz-Plus |
|
| 650 |
_aFish _vOcean |
||
| 650 |
_vAnimals _2Big vs small |
||
| 700 |
_aBeasley, Madeline _eIllustrator |
||
| 942 |
_2ddc _cBK _n0 |
||
| 999 |
_c9979 _d9979 |
||